Guía farmacológica en tratamiento parenteral y cuidados de enfermería / (Registro nro. 21785)
[ vista simple ]
| 000 -LEADER | |
|---|---|
| fixed length control field | 01612nam a22002417a 4500 |
| 001 - CONTROL NUMBER | |
| control field | 021598 |
| 003 - CONTROL NUMBER IDENTIFIER | |
| control field | DO-CoUTE |
| 005 - DATE AND TIME OF LATEST TRANSACTION | |
| control field | 20260204212649.0 |
| 008 - FIXED-LENGTH DATA ELEMENTS--GENERAL INFORMATION | |
| fixed length control field | 220726b dr ||||| |||| 00| 0 spa d |
| 020 ## - INTERNATIONAL STANDARD BOOK NUMBER | |
| International Standard Book Number | 978-84-9113-901-0 |
| 040 ## - CATALOGING SOURCE | |
| Original cataloging agency | DO-CoUTE |
| Language of cataloging | spa |
| Transcribing agency | DO-CoUTE |
| 082 ## - DEWEY DECIMAL CLASSIFICATION NUMBER | |
| Edition number | 22 |
| Classification number | 615.7362 AL473g |
| Item number | 2021 |
| 100 1# - MAIN ENTRY--PERSONAL NAME | |
| Personal name | Álvarez López, Jorge |
| Relator term | autor |
| 245 1# - TITLE STATEMENT | |
| Title | Guía farmacológica en tratamiento parenteral y cuidados de enfermería / |
| Remainder of title | Jorge Álvarez López, Jesús Flores Gonzáles |
| 250 ## - EDITION STATEMENT | |
| Edition statement | segunda edición |
| 260 ## - PUBLICATION, DISTRIBUTION, ETC. | |
| Place of publication, distribution, etc. | Barcelona, España : |
| Name of publisher, distributor, etc. | ELSEVIER |
| Date of publication, distribution, etc. | 2021 |
| 300 ## - PHYSICAL DESCRIPTION | |
| Extent | 640 páginas : |
| Other physical details | Ilustraciones ; |
| Dimensions | 20cm. |
| 504 ## - BIBLIOGRAPHY, ETC. NOTE | |
| Bibliography, etc. note | Incluye referencias bibliográficas e índice |
| 520 ## - SUMMARY, ETC. | |
| Summary, etc. | La segunda edición de la guía farmacológica en tratamiento parenteral y cuidados de enfermería se renueva, y lo hace manteniendo sus cualidades de origen.<br/>Contribuye a la formación, tanto de enfermeros como de médicos que se inician en el trabajo clínico diario, para los cuales el uso adecuado de los fármacos es fundamental. Facilita el acceso a una información rápida y comprensible. Su consulta permite un uso seguro de los fármacos y contribuye a mejorar la calidad de la asistencia y la eficacia terapéutica. Proporciona puntos novedosos en relación con la preparación y administración de fármacos. Lista más de 250 fármacos administrados por vía parenteral. Su formato permite una fácil portabilidad y un uso sencillo que asegura una consulta ágil. |
| 650 #7 - SUBJECT ADDED ENTRY--TOPICAL TERM | |
| Source of heading or term | LEMB |
| Topical term or geographic name entry element | Farmacología perinatal |
| 700 1# - ADDED ENTRY--PERSONAL NAME | |
| Personal name | Flores Gonzáles, Jesús |
| Relator term | colaborador |
| 942 ## - ADDED ENTRY ELEMENTS (KOHA) | |
| Source of classification or shelving scheme | Dewey Decimal Classification |
| Koha item type | Libros |
| Withdrawn status | Lost status | Source of classification or shelving scheme | Damaged status | Not for loan | Collection code | Home library | Current library | Shelving location | Date acquired | Inventory number | Total Checkouts | Full call number | Barcode | Date last seen | Copy number | Price effective from | Koha item type |
|---|---|---|---|---|---|---|---|---|---|---|---|---|---|---|---|---|---|
| Dewey Decimal Classification | Colección General | Biblioteca UTECO | Biblioteca UTECO | En Estantería | 07/26/2022 | 021598 | 615.7362 AL473g 2021 | 021598 | 07/26/2022 | Ej.1 | 07/26/2022 | Libros |
